000 00596 a2200217 4500
003 0199074
005 20251011171502.0
028 _a9781032494999
040 _erda
050 _aJZ 6368
_b.I45 2024
100 _4Author
_aIllingworth Richard
245 _aStrengthening the Responsibility to Protect
_b A Transitional Cosmopolitan Approach/
_c Richard Illingworth
260 _aNew York
_bRoutledge
_c2024
264 _aNew York
_bRoutledge
_c2024
300 _aix, 221p.:
336 _2rdacontent
338 _2rdacarrier
500 _aindex
504 _aIndex
942 _2lcc
_cBK
999 _c43711
_d43711